000 00591cam a2200217 a 4500
001 2825172
005 20180214033124.0
008 831107s1984 cau b 001 0 eng
010 _a 83049257
020 _a0875895921
040 _aDLC
_cDLC
_dDLC
041 _aeng
080 _a658
082 0 0 _a658 BOL
_219
100 1 _a54
101 _aLID
245 1 0 _aModern approaches to understanding and managing organizations /
_cby Lee G. Bolman, Terrence E. Deal.
504 _aBibliography: p. 301-314.
906 _a7
_bcbc
_corignew
_d1
_eocip
_f19
_gy-gencatlg
942 _2ddc
_cBK
999 _c42442
_d42442